| 000 | 01504nam2a22002891 4500 | ||
|---|---|---|---|
| 001 | v19\rc\1920681 | ||
| 005 | 20260406153049.0 | ||
| 035 | _a(NLR Aleph) 005265784 | ||
| 090 |
_a5947900 _c5947900 |
||
| 100 | _a20080404d1913 |||y0rusy50 ca | ||
| 101 | 0 | _arus | |
| 102 | _aRU | ||
| 105 | _ay z ||||| | ||
| 200 | 1 | _a"Бедность не порок", "Свои люди, сочтемся", "Доходное место" | |
| 210 |
_d1913 _aБ. м. |
||
| 215 | _a45 с. | ||
| 461 | 0 |
_1001v19\rc\1920673 _12001#$aПланы и сочинения$eКурс 8 кл.$eТемничек 1-$fАлександр Гусев$vТемничек 9 _95947822 _aГусев, А. _cОдесса _d1912-1913 _fАлександр Гусев _n"Порядок" С.К. Цесарского _oКурс 8 кл. : Темничек 1- _tПланы и сочинения _vТемничек 9 |
|
| 500 | 1 | 0 |
_6z06702 _6z06702 _6z06702 _aБедность не порок _aСвои люди сочтемся _aДоходное место |
| 532 | 1 | 3 | _aБедность не порок, Свои люди, сочтемся, Доходное место |
| 702 | 1 |
_4570 _7ca _8rus _aОстровский _bА. Н. _cдраматург _f1823-1886 _gАлександр Николаевич _9116199 _3RU\NLR\AUTH\776244 |
|
| 801 | 0 |
_aRU _bNLR _c20080404 _gpsbo |
|
| 801 | 0 |
_aRU _bRuMoRGB _c20080404 _2psbo |
|
| 801 | 1 |
_aRU _bProSoft-M _c20080404 _2rusmarc |
|
| 801 | 2 |
_aRU _bNLR _c20080625 _2rusmarc |
|
| 852 |
_aNLR _j20.93.9.308(9) |
||
| 942 | _cBOOK | ||
| 980 | _aNB | ||